3000 Años de humor / (Record no. 146659)

MARC details
000 -LEADER
campo de control de longitud fija 00558nam a2200205 i 4500
001 - NÚMERO DE CONTROL
campo de control 146659
003 - IDENTIFICADOR DE NÚMERO DE CONTROL
campo de control ES-MaACL
005 - FECHA Y HORA DE LA ÚLTIMA TRANSACCIÓN
campo de control 20250822095129.0
007 - CAMPO FIJO DE DESCRIPCIÓN FÍSICA--INFORMACIÓN GENERAL
campo de control de longitud fija t|
008 - DATOS DE LONGITUD FIJA--INFORMACIÓN GENERAL
campo de control de longitud fija 070913s1969 sp ||||1| spa d
080 ## - NÚMERO DE LA CLASIFICACIÓN DECIMAL UNIVERSAL
Número de la Clasificación Decimal Universal 8-7(082.2)
080 ## - NÚMERO DE LA CLASIFICACIÓN DECIMAL UNIVERSAL
Número de la Clasificación Decimal Universal 8-7.09(04)
245 00 - MENCIÓN DEL TÍTULO
Título 3000 Años de humor /
Mención de responsabilidad, etc. D. Pastor Petit.
260 ## - PUBLICACIÓN, DISTRIBUCIÓN, ETC.
Lugar de publicación, distribución, etc. [Barcelona :
Nombre del editor, distribuidor, etc. Martínez Roca],
Fecha de publicación, distribución, etc. 1969.
300 ## - DESCRIPCIÓN FÍSICA
Extensión 416 p. :
Otras características físicas il. ;
Dimensiones 23 cm.
650 17 - PUNTO DE ACCESO ADICIONAL DE MATERIA--TÉRMINO DE MATERIA
Término de materia o nombre geográfico como elemento de entrada Humorismo
Fuente del encabezamiento o término embne
9 (RLIN) 13509
700 1# - ENTRADA AGREGADA--NOMBRE PERSONAL
Nombre de persona Pastor Petit, D.
9 (RLIN) 89518
852 ## - LOCALIZACIÓN
Ubicación ES-MaACL
Número de control de estantería C-37919
Sublocalización o colección R.71940
Holdings
Estatus retirado Estado de pérdida Estado de daño No para préstamo Biblioteca de origen Biblioteca actual Ubicación en estantería Fecha de adquisición Fuente de adquisición Total de préstamos Signatura topográfica completa Código de barras Visto por última vez Precio de reemplazo Tipo de ítem Koha
        Biblioteca del Ateneo de Madrid Biblioteca del Ateneo de Madrid Depósito 2 17/01/2008     C-37919 1153067 23/02/2023 23/02/2023 Libro impreso